2001 College Football AP Poll - Statistics

General Stats
  • This quiz has been taken 36 times
  • The average score is 347 of 425
Answer Stats
Week Rank Team W L Conference % Correct
Preseason 25 Alabama 0 0 SEC
100%
Week 1 (8/26) 25 Alabama 0 0 SEC
100%
Preseason 3 Oklahoma 0 0 Big 12
100%
Week 1 (8/26) 3 Oklahoma 1 0 Big 12
100%
Week 2 (9/2) 3 Oklahoma 2 0 Big 12
100%
Week 3 (9/9) 3 Oklahoma 3 0 Big 12
100%
Week 4 (9/23) 3 Oklahoma 3 0 Big 12
100%
Week 5 (9/30) 3 Oklahoma 4 0 Big 12
100%
Week 6 (10/7) 3 Oklahoma 5 0 Big 12
100%
Week 7 (10/14) 2 Oklahoma 6 0 Big 12
100%
Week 8 (10/21) 2 Oklahoma 7 0 Big 12
100%
Week 9 (10/28) 3 Oklahoma 7 1 Big 12
100%
Week 10 (11/4) 3 Oklahoma 8 1 Big 12
100%
Week 11 (11/11) 3 Oklahoma 9 1 Big 12
100%
Week 12 (11/18) 4 Oklahoma 10 1 Big 12
100%
Week 13 (11/25) 11 Oklahoma 10 2 Big 12
100%
Week 14 (12/2) 11 Oklahoma 10 2 Big 12
100%
Week 15 (12/9) 10 Oklahoma 10 2 Big 12
100%
Postseason 6 Oklahoma 11 2 Big 12
100%
Preseason 5 Texas 0 0 Big 12
100%
Week 1 (8/26) 5 Texas 0 0 Big 12
100%
Week 2 (9/2) 4 Texas 1 0 Big 12
100%
Week 3 (9/9) 5 Texas 2 0 Big 12
100%
Week 4 (9/23) 5 Texas 3 0 Big 12
100%
Week 5 (9/30) 5 Texas 4 0 Big 12
100%
Week 6 (10/7) 11 Texas 4 1 Big 12
100%
Week 7 (10/14) 9 Texas 5 1 Big 12
100%
Week 8 (10/21) 7 Texas 6 1 Big 12
100%
Week 9 (10/28) 5 Texas 7 1 Big 12
100%
Week 10 (11/4) 5 Texas 8 1 Big 12
100%
Week 11 (11/11) 5 Texas 9 1 Big 12
100%
Week 12 (11/18) 5 Texas 9 1 Big 12
100%
Week 13 (11/25) 3 Texas 10 1 Big 12
100%
Week 14 (12/2) 10 Texas 10 2 Big 12
100%
Week 15 (12/9) 9 Texas 10 2 Big 12
100%
Postseason 5 Texas 11 2 Big 12
100%
Preseason 1 Florida 0 0 SEC
96%
Week 1 (8/26) 1 Florida 0 0 SEC
96%
Week 2 (9/2) 2 Florida 1 0 SEC
96%
Week 3 (9/9) 2 Florida 2 0 SEC
96%
Week 4 (9/23) 2 Florida 3 0 SEC
96%
Week 5 (9/30) 2 Florida 4 0 SEC
96%
Week 6 (10/7) 1 Florida 5 0 SEC
96%
Week 7 (10/14) 7 Florida 5 1 SEC
96%
Week 8 (10/21) 6 Florida 5 1 SEC
96%
Week 9 (10/28) 4 Florida 6 1 SEC
96%
Week 10 (11/4) 4 Florida 7 1 SEC
96%
Week 11 (11/11) 4 Florida 8 1 SEC
96%
Week 12 (11/18) 3 Florida 9 1 SEC
96%
Week 13 (11/25) 2 Florida 9 1 SEC
96%
Week 14 (12/2) 6 Florida 9 2 SEC
96%
Week 15 (12/9) 5 Florida 9 2 SEC
96%
Postseason 3 Florida 10 2 SEC
96%
Week 2 (9/2) 25 Georgia 1 0 SEC
96%
Week 6 (10/7) 19 Georgia 3 1 SEC
96%
Week 7 (10/14) 17 Georgia 4 1 SEC
96%
Week 8 (10/21) 15 Georgia 5 1 SEC
96%
Week 9 (10/28) 18 Georgia 5 2 SEC
96%
Week 10 (11/4) 19 Georgia 5 2 SEC
96%
Week 11 (11/11) 23 Georgia 5 3 SEC
96%
Week 12 (11/18) 19 Georgia 6 3 SEC
96%
Week 13 (11/25) 16 Georgia 7 3 SEC
96%
Week 14 (12/2) 16 Georgia 8 3 SEC
96%
Week 15 (12/9) 16 Georgia 8 3 SEC
96%
Postseason 22 Georgia 8 4 SEC
96%
Preseason 14 LSU 0 0 SEC
96%
Week 1 (8/26) 14 LSU 0 0 SEC
96%
Week 2 (9/2) 13 LSU 1 0 SEC
96%
Week 3 (9/9) 15 LSU 2 0 SEC
96%
Week 4 (9/23) 14 LSU 2 0 SEC
96%
Week 5 (9/30) 18 LSU 2 1 SEC
96%
Week 13 (11/25) 22 LSU 7 3 SEC
96%
Week 14 (12/2) 21 LSU 8 3 SEC
96%
Week 15 (12/9) 12 LSU 9 3 SEC
96%
Postseason 7 LSU 10 3 SEC
96%
Preseason 18 Notre Dame 0 0 Independent
96%
Week 1 (8/26) 18 Notre Dame 0 0 Independent
96%
Week 2 (9/2) 17 Notre Dame 0 0 Independent
96%
Week 3 (9/9) 23 Notre Dame 0 1 Independent
96%
Preseason 8 Tennessee 0 0 SEC
96%
Week 1 (8/26) 8 Tennessee 0 0 SEC
96%
Week 2 (9/2) 8 Tennessee 1 0 SEC
96%
Week 3 (9/9) 8 Tennessee 2 0 SEC
96%
Week 4 (9/23) 7 Tennessee 2 0 SEC
96%
Week 5 (9/30) 6 Tennessee 3 0 SEC
96%
Week 6 (10/7) 13 Tennessee 3 1 SEC
96%
Week 7 (10/14) 11 Tennessee 3 1 SEC
96%
Week 8 (10/21) 9 Tennessee 4 1 SEC
96%
Week 9 (10/28) 7 Tennessee 5 1 SEC
96%
Week 10 (11/4) 6 Tennessee 6 1 SEC
96%
Week 11 (11/11) 6 Tennessee 7 1 SEC
96%
Week 12 (11/18) 7 Tennessee 8 1 SEC
96%
Week 13 (11/25) 5 Tennessee 9 1 SEC
96%
Week 14 (12/2) 2 Tennessee 10 1 SEC
96%
Week 15 (12/9) 8 Tennessee 10 2 SEC
96%
Postseason 4 Tennessee 11 2 SEC
96%
Week 7 (10/14) 20 Auburn 5 1 SEC
93%
Week 8 (10/21) 17 Auburn 6 1 SEC
93%
Week 10 (11/4) 24 Auburn 6 2 SEC
93%
Week 11 (11/11) 17 Auburn 7 2 SEC
93%
Week 13 (11/25) 25 Auburn 7 3 SEC
93%
Preseason 6 Florida State 0 0 ACC
93%
Week 1 (8/26) 6 Florida State 0 0 ACC
93%
Week 2 (9/2) 6 Florida State 1 0 ACC
93%
Week 3 (9/9) 6 Florida State 2 0 ACC
93%
Week 4 (9/23) 18 Florida State 2 1 ACC
93%
Week 5 (9/30) 16 Florida State 3 1 ACC
93%
Week 6 (10/7) 14 Florida State 3 1 ACC
93%
Week 7 (10/14) 21 Florida State 3 2 ACC
93%
Week 8 (10/21) 19 Florida State 4 2 ACC
93%
Week 9 (10/28) 14 Florida State 5 2 ACC
93%
Week 10 (11/4) 10 Florida State 6 2 ACC
93%
Week 11 (11/11) 21 Florida State 6 3 ACC
93%
Week 14 (12/2) 24 Florida State 7 4 ACC
93%
Week 15 (12/9) 24 Florida State 7 4 ACC
93%
Postseason 15 Florida State 8 4 ACC
93%
Preseason 12 Michigan 0 0 Big Ten
93%
Week 1 (8/26) 12 Michigan 0 0 Big Ten
93%
Week 2 (9/2) 11 Michigan 1 0 Big Ten
93%
Week 3 (9/9) 20 Michigan 1 1 Big Ten
93%
Week 4 (9/23) 17 Michigan 2 1 Big Ten
93%
Week 5 (9/30) 15 Michigan 3 1 Big Ten
93%
Week 6 (10/7) 12 Michigan 4 1 Big Ten
93%
Week 7 (10/14) 10 Michigan 5 1 Big Ten
93%
Week 8 (10/21) 8 Michigan 5 1 Big Ten
93%
Week 9 (10/28) 6 Michigan 6 1 Big Ten
93%
Week 10 (11/4) 12 Michigan 6 2 Big Ten
93%
Week 11 (11/11) 11 Michigan 7 2 Big Ten
93%
Week 12 (11/18) 11 Michigan 8 2 Big Ten
93%
Week 13 (11/25) 17 Michigan 8 3 Big Ten
93%
Week 14 (12/2) 17 Michigan 8 3 Big Ten
93%
Week 15 (12/9) 17 Michigan 8 3 Big Ten
93%
Postseason 20 Michigan 8 4 Big Ten
93%
Preseason 23 Ohio State 0 0 Big Ten
93%
Week 1 (8/26) 23 Ohio State 0 0 Big Ten
93%
Week 2 (9/2) 24 Ohio State 0 0 Big Ten
93%
Week 3 (9/9) 21 Ohio State 1 0 Big Ten
93%
Week 6 (10/7) 21 Ohio State 3 1 Big Ten
93%
Week 11 (11/11) 25 Ohio State 6 3 Big Ten
93%
Week 13 (11/25) 23 Ohio State 7 4 Big Ten
93%
Week 14 (12/2) 22 Ohio State 7 4 Big Ten
93%
Week 15 (12/9) 22 Ohio State 7 4 Big Ten
93%
Preseason 10 Georgia Tech 0 0 ACC
89%
Week 1 (8/26) 11 Georgia Tech 1 0 ACC
89%
Week 2 (9/2) 10 Georgia Tech 2 0 ACC
89%
Week 3 (9/9) 10 Georgia Tech 3 0 ACC
89%
Week 4 (9/23) 9 Georgia Tech 3 0 ACC
89%
Week 5 (9/30) 17 Georgia Tech 3 1 ACC
89%
Week 6 (10/7) 15 Georgia Tech 4 1 ACC
89%
Week 7 (10/14) 23 Georgia Tech 4 2 ACC
89%
Week 8 (10/21) 21 Georgia Tech 5 2 ACC
89%
Week 9 (10/28) 23 Georgia Tech 5 2 ACC
89%
Week 10 (11/4) 20 Georgia Tech 6 2 ACC
89%
Week 12 (11/18) 21 Georgia Tech 7 3 ACC
89%
Postseason 24 Georgia Tech 8 5 ACC
89%
Preseason 2 Miami 0 0 Big East
89%
Week 1 (8/26) 2 Miami 0 0 Big East
89%
Week 2 (9/2) 1 Miami 1 0 Big East
89%
Week 3 (9/9) 1 Miami 2 0 Big East
89%
Week 4 (9/23) 1 Miami 2 0 Big East
89%
Week 5 (9/30) 1 Miami 3 0 Big East
89%
Week 6 (10/7) 2 Miami 4 0 Big East
89%
Week 7 (10/14) 1 Miami 5 0 Big East
89%
Week 8 (10/21) 1 Miami 5 0 Big East
89%
Week 9 (10/28) 1 Miami 6 0 Big East
89%
Week 10 (11/4) 1 Miami 7 0 Big East
89%
Week 11 (11/11) 1 Miami 8 0 Big East
89%
Week 12 (11/18) 1 Miami 9 0 Big East
89%
Week 13 (11/25) 1 Miami 10 0 Big East
89%
Week 14 (12/2) 1 Miami 11 0 Big East
89%
Week 15 (12/9) 1 Miami 11 0 Big East
89%
Postseason 1 Miami 12 0 Big East
89%
Preseason 4 Nebraska 0 0 Big 12
89%
Week 1 (8/26) 4 Nebraska 1 0 Big 12
89%
Week 2 (9/2) 5 Nebraska 2 0 Big 12
89%
Week 3 (9/9) 4 Nebraska 3 0 Big 12
89%
Week 4 (9/23) 4 Nebraska 4 0 Big 12
89%
Week 5 (9/30) 4 Nebraska 5 0 Big 12
89%
Week 6 (10/7) 4 Nebraska 6 0 Big 12
89%
Week 7 (10/14) 3 Nebraska 7 0 Big 12
89%
Week 8 (10/21) 3 Nebraska 8 0 Big 12
89%
Week 9 (10/28) 2 Nebraska 9 0 Big 12
89%
Week 10 (11/4) 2 Nebraska 10 0 Big 12
89%
Week 11 (11/11) 2 Nebraska 11 0 Big 12
89%
Week 12 (11/18) 2 Nebraska 11 0 Big 12
89%
Week 13 (11/25) 6 Nebraska 11 1 Big 12
89%
Week 14 (12/2) 5 Nebraska 11 1 Big 12
89%
Week 15 (12/9) 4 Nebraska 11 1 Big 12
89%
Postseason 8 Nebraska 11 2 Big 12
89%
Week 5 (9/30) 24 Texas A&M 4 0 Big 12
89%
Week 6 (10/7) 25 Texas A&M 5 0 Big 12
89%
Week 9 (10/28) 24 Texas A&M 7 1 Big 12
89%
Preseason 17 UCLA 0 0 Pacific-10
89%
Week 1 (8/26) 17 UCLA 0 0 Pacific-10
89%
Week 2 (9/2) 14 UCLA 1 0 Pacific-10
89%
Week 3 (9/9) 14 UCLA 2 0 Pacific-10
89%
Week 4 (9/23) 12 UCLA 3 0 Pacific-10
89%
Week 5 (9/30) 9 UCLA 4 0 Pacific-10
89%
Week 6 (10/7) 7 UCLA 4 0 Pacific-10
89%
Week 7 (10/14) 4 UCLA 5 0 Pacific-10
89%
Week 8 (10/21) 4 UCLA 6 0 Pacific-10
89%
Week 9 (10/28) 9 UCLA 6 1 Pacific-10
89%
Week 10 (11/4) 17 UCLA 6 2 Pacific-10
89%
Week 11 (11/11) 20 UCLA 6 3 Pacific-10
89%
Preseason 9 Virginia Tech 0 0 Big East
89%
Week 1 (8/26) 9 Virginia Tech 0 0 Big East
89%
Week 2 (9/2) 9 Virginia Tech 1 0 Big East
89%
Week 3 (9/9) 9 Virginia Tech 2 0 Big East
89%
Week 4 (9/23) 8 Virginia Tech 3 0 Big East
89%
Week 5 (9/30) 8 Virginia Tech 4 0 Big East
89%
Week 6 (10/7) 6 Virginia Tech 5 0 Big East
89%
Week 7 (10/14) 6 Virginia Tech 6 0 Big East
89%
Week 8 (10/21) 5 Virginia Tech 6 0 Big East
89%
Week 9 (10/28) 12 Virginia Tech 6 1 Big East
89%
Week 10 (11/4) 23 Virginia Tech 6 2 Big East
89%
Week 11 (11/11) 18 Virginia Tech 7 2 Big East
89%
Week 12 (11/18) 16 Virginia Tech 8 2 Big East
89%
Week 13 (11/25) 14 Virginia Tech 8 2 Big East
89%
Week 14 (12/2) 15 Virginia Tech 8 3 Big East
89%
Week 15 (12/9) 15 Virginia Tech 8 3 Big East
89%
Postseason 18 Virginia Tech 8 4 Big East
89%
Week 4 (9/23) 23 Michigan State 2 0 Big Ten
85%
Week 10 (11/4) 22 Michigan State 5 2 Big Ten
85%
Preseason 7 Oregon 0 0 Pacific-10
85%
Week 1 (8/26) 7 Oregon 0 0 Pacific-10
85%
Week 2 (9/2) 7 Oregon 1 0 Pacific-10
85%
Week 3 (9/9) 7 Oregon 2 0 Pacific-10
85%
Week 4 (9/23) 6 Oregon 3 0 Pacific-10
85%
Week 5 (9/30) 7 Oregon 4 0 Pacific-10
85%
Week 6 (10/7) 5 Oregon 5 0 Pacific-10
85%
Week 7 (10/14) 5 Oregon 6 0 Pacific-10
85%
Week 8 (10/21) 11 Oregon 6 1 Pacific-10
85%
Week 9 (10/28) 8 Oregon 7 1 Pacific-10
85%
Week 10 (11/4) 7 Oregon 8 1 Pacific-10
85%
Week 11 (11/11) 7 Oregon 9 1 Pacific-10
85%
Week 12 (11/18) 6 Oregon 9 1 Pacific-10
85%
Week 13 (11/25) 4 Oregon 9 1 Pacific-10
85%
Week 14 (12/2) 3 Oregon 10 1 Pacific-10
85%
Week 15 (12/9) 2 Oregon 10 1 Pacific-10
85%
Postseason 2 Oregon 11 1 Pacific-10
85%
Preseason 11 Oregon State 0 0 Pacific-10
85%
Week 1 (8/26) 10 Oregon State 0 0 Pacific-10
85%
Week 2 (9/2) 22 Oregon State 0 1 Pacific-10
85%
Week 3 (9/9) 22 Oregon State 1 1 Pacific-10
85%
Week 4 (9/23) 19 Oregon State 1 1 Pacific-10
85%
Preseason 15 Washington 0 0 Pacific-10
85%
Week 1 (8/26) 15 Washington 0 0 Pacific-10
85%
Week 2 (9/2) 15 Washington 0 0 Pacific-10
85%
Week 3 (9/9) 13 Washington 1 0 Pacific-10
85%
Week 4 (9/23) 13 Washington 2 0 Pacific-10
85%
Week 5 (9/30) 11 Washington 3 0 Pacific-10
85%
Week 6 (10/7) 10 Washington 4 0 Pacific-10
85%
Week 7 (10/14) 15 Washington 4 1 Pacific-10
85%
Week 8 (10/21) 13 Washington 5 1 Pacific-10
85%
Week 9 (10/28) 11 Washington 6 1 Pacific-10
85%
Week 10 (11/4) 8 Washington 7 1 Pacific-10
85%
Week 11 (11/11) 16 Washington 7 2 Pacific-10
85%
Week 12 (11/18) 12 Washington 8 2 Pacific-10
85%
Week 13 (11/25) 19 Washington 8 3 Pacific-10
85%
Week 14 (12/2) 20 Washington 8 3 Pacific-10
85%
Week 15 (12/9) 21 Washington 8 3 Pacific-10
85%
Postseason 19 Washington 8 4 Pacific-10
85%
Preseason 22 Wisconsin 0 0 Big Ten
85%
Week 1 (8/26) 22 Wisconsin 1 0 Big Ten
85%
Week 2 (9/2) 23 Wisconsin 1 1 Big Ten
85%
Week 12 (11/18) 24 Arkansas 7 3 SEC
81%
Preseason 13 Kansas State 0 0 Big 12
81%
Week 1 (8/26) 13 Kansas State 0 0 Big 12
81%
Week 2 (9/2) 12 Kansas State 0 0 Big 12
81%
Week 3 (9/9) 12 Kansas State 1 0 Big 12
81%
Week 4 (9/23) 11 Kansas State 2 0 Big 12
81%
Week 5 (9/30) 12 Kansas State 2 1 Big 12
81%
Week 6 (10/7) 24 Kansas State 2 2 Big 12
81%
Preseason 20 Mississippi State 0 0 SEC
81%
Week 1 (8/26) 20 Mississippi State 0 0 SEC
81%
Week 2 (9/2) 18 Mississippi State 1 0 SEC
81%
Week 3 (9/9) 17 Mississippi State 1 0 SEC
81%
Week 4 (9/23) 21 Mississippi State 1 1 SEC
81%
Week 4 (9/23) 24 Purdue 2 0 Big Ten
81%
Week 5 (9/30) 21 Purdue 3 0 Big Ten
81%
Week 6 (10/7) 17 Purdue 4 0 Big Ten
81%
Week 7 (10/14) 24 Purdue 4 1 Big Ten
81%
Week 8 (10/21) 24 Purdue 4 1 Big Ten
81%
Week 9 (10/28) 20 Purdue 5 1 Big Ten
81%
Week 6 (10/7) 20 Colorado 4 1 Big 12
78%
Week 7 (10/14) 14 Colorado 5 1 Big 12
78%
Week 8 (10/21) 25 Colorado 5 2 Big 12
78%
Week 9 (10/28) 25 Colorado 6 2 Big 12
78%
Week 10 (11/4) 21 Colorado 7 2 Big 12
78%
Week 11 (11/11) 15 Colorado 8 2 Big 12
78%
Week 12 (11/18) 14 Colorado 8 2 Big 12
78%
Week 13 (11/25) 9 Colorado 9 2 Big 12
78%
Week 14 (12/2) 4 Colorado 10 2 Big 12
78%
Week 15 (12/9) 3 Colorado 10 2 Big 12
78%
Postseason 9 Colorado 10 3 Big 12
78%
Week 4 (9/23) 22 Illinois 3 0 Big Ten
78%
Week 8 (10/21) 22 Illinois 6 1 Big Ten
78%
Week 9 (10/28) 21 Illinois 6 1 Big Ten
78%
Week 10 (11/4) 15 Illinois 7 1 Big Ten
78%
Week 11 (11/11) 12 Illinois 8 1 Big Ten
78%
Week 12 (11/18) 10 Illinois 9 1 Big Ten
78%
Week 13 (11/25) 8 Illinois 10 1 Big Ten
78%
Week 14 (12/2) 8 Illinois 10 1 Big Ten
78%
Week 15 (12/9) 7 Illinois 10 1 Big Ten
78%
Postseason 12 Illinois 10 2 Big Ten
78%
Week 5 (9/30) 25 Maryland 4 0 ACC
70%
Week 6 (10/7) 22 Maryland 5 0 ACC
70%
Week 7 (10/14) 12 Maryland 6 0 ACC
70%
Week 8 (10/21) 10 Maryland 7 0 ACC
70%
Week 9 (10/28) 15 Maryland 7 1 ACC
70%
Week 10 (11/4) 13 Maryland 8 1 ACC
70%
Week 11 (11/11) 10 Maryland 9 1 ACC
70%
Week 12 (11/18) 8 Maryland 10 1 ACC
70%
Week 13 (11/25) 7 Maryland 10 1 ACC
70%
Week 14 (12/2) 7 Maryland 10 1 ACC
70%
Week 15 (12/9) 6 Maryland 10 1 ACC
70%
Postseason 11 Maryland 10 2 ACC
70%
Week 5 (9/30) 22 Stanford 3 0 Pacific-10
70%
Week 6 (10/7) 23 Stanford 3 0 Pacific-10
70%
Week 8 (10/21) 20 Stanford 4 1 Pacific-10
70%
Week 9 (10/28) 10 Stanford 5 1 Pacific-10
70%
Week 10 (11/4) 16 Stanford 5 2 Pacific-10
70%
Week 11 (11/11) 13 Stanford 6 2 Pacific-10
70%
Week 12 (11/18) 13 Stanford 7 2 Pacific-10
70%
Week 13 (11/25) 12 Stanford 8 2 Pacific-10
70%
Week 14 (12/2) 12 Stanford 9 2 Pacific-10
70%
Week 15 (12/9) 11 Stanford 9 2 Pacific-10
70%
Postseason 16 Stanford 9 3 Pacific-10
70%
Week 9 (10/28) 19 Syracuse 7 2 Big East
70%
Week 10 (11/4) 18 Syracuse 7 2 Big East
70%
Week 11 (11/11) 14 Syracuse 8 2 Big East
70%
Week 12 (11/18) 22 Syracuse 8 3 Big East
70%
Week 13 (11/25) 18 Syracuse 9 3 Big East
70%
Week 14 (12/2) 18 Syracuse 9 3 Big East
70%
Week 15 (12/9) 18 Syracuse 9 3 Big East
70%
Postseason 14 Syracuse 10 3 Big East
70%
Preseason 19 Clemson 0 0 ACC
67%
Week 1 (8/26) 19 Clemson 0 0 ACC
67%
Week 2 (9/2) 20 Clemson 1 0 ACC
67%
Week 3 (9/9) 19 Clemson 2 0 ACC
67%
Week 5 (9/30) 19 Clemson 3 1 ACC
67%
Week 6 (10/7) 16 Clemson 3 1 ACC
67%
Week 7 (10/14) 13 Clemson 4 1 ACC
67%
Preseason 21 South Carolina 0 0 SEC
67%
Week 1 (8/26) 21 South Carolina 0 0 SEC
67%
Week 2 (9/2) 21 South Carolina 1 0 SEC
67%
Week 3 (9/9) 18 South Carolina 2 0 SEC
67%
Week 4 (9/23) 15 South Carolina 3 0 SEC
67%
Week 5 (9/30) 13 South Carolina 4 0 SEC
67%
Week 6 (10/7) 9 South Carolina 5 0 SEC
67%
Week 7 (10/14) 16 South Carolina 5 1 SEC
67%
Week 8 (10/21) 12 South Carolina 6 1 SEC
67%
Week 9 (10/28) 17 South Carolina 6 2 SEC
67%
Week 10 (11/4) 14 South Carolina 7 2 SEC
67%
Week 11 (11/11) 22 South Carolina 7 3 SEC
67%
Week 12 (11/18) 18 South Carolina 8 3 SEC
67%
Week 13 (11/25) 15 South Carolina 8 3 SEC
67%
Week 14 (12/2) 14 South Carolina 8 3 SEC
67%
Week 15 (12/9) 14 South Carolina 8 3 SEC
67%
Postseason 13 South Carolina 9 3 SEC
67%
Week 7 (10/14) 19 Washington State 6 0 Pacific-10
67%
Week 8 (10/21) 14 Washington State 7 0 Pacific-10
67%
Week 9 (10/28) 16 Washington State 7 1 Pacific-10
67%
Week 10 (11/4) 11 Washington State 8 1 Pacific-10
67%
Week 11 (11/11) 9 Washington State 9 1 Pacific-10
67%
Week 12 (11/18) 15 Washington State 9 2 Pacific-10
67%
Week 13 (11/25) 13 Washington State 9 2 Pacific-10
67%
Week 14 (12/2) 13 Washington State 9 2 Pacific-10
67%
Week 15 (12/9) 13 Washington State 9 2 Pacific-10
67%
Postseason 10 Washington State 10 2 Pacific-10
67%
Week 3 (9/9) 24 BYU 3 0 Mountain West
63%
Week 4 (9/23) 20 BYU 3 0 Mountain West
63%
Week 5 (9/30) 20 BYU 4 0 Mountain West
63%
Week 6 (10/7) 18 BYU 5 0 Mountain West
63%
Week 7 (10/14) 18 BYU 6 0 Mountain West
63%
Week 8 (10/21) 16 BYU 7 0 Mountain West
63%
Week 9 (10/28) 13 BYU 8 0 Mountain West
63%
Week 10 (11/4) 9 BYU 9 0 Mountain West
63%
Week 11 (11/11) 8 BYU 10 0 Mountain West
63%
Week 12 (11/18) 9 BYU 11 0 Mountain West
63%
Week 13 (11/25) 10 BYU 11 0 Mountain West
63%
Week 14 (12/2) 9 BYU 12 0 Mountain West
63%
Week 15 (12/9) 19 BYU 12 1 Mountain West
63%
Postseason 25 BYU 12 2 Mountain West
63%
Week 8 (10/21) 23 North Carolina 5 3 ACC
59%
Week 9 (10/28) 22 North Carolina 5 3 ACC
59%
Preseason 16 Northwestern 0 0 Big Ten
59%
Week 1 (8/26) 16 Northwestern 0 0 Big Ten
59%
Week 2 (9/2) 16 Northwestern 0 0 Big Ten
59%
Week 3 (9/9) 16 Northwestern 1 0 Big Ten
59%
Week 4 (9/23) 16 Northwestern 2 0 Big Ten
59%
Week 5 (9/30) 14 Northwestern 3 0 Big Ten
59%
Week 7 (10/14) 22 Northwestern 4 1 Big Ten
59%
Preseason 24 Colorado State 0 0 Mountain West
56%
Week 1 (8/26) 24 Colorado State 0 0 Mountain West
56%
Week 12 (11/18) 25 Boston College 7 3 Big East
52%
Postseason 21 Boston College 8 4 Big East
52%
Week 3 (9/9) 25 Louisville 3 0 C-USA
52%
Week 10 (11/4) 25 Louisville 8 1 C-USA
52%
Week 11 (11/11) 19 Louisville 9 1 C-USA
52%
Week 12 (11/18) 17 Louisville 10 1 C-USA
52%
Week 13 (11/25) 24 Louisville 10 2 C-USA
52%
Week 14 (12/2) 23 Louisville 10 2 C-USA
52%
Week 15 (12/9) 23 Louisville 10 2 C-USA
52%
Postseason 17 Louisville 11 2 C-USA
52%
Week 2 (9/2) 19 Fresno State 2 0 WAC
37%
Week 3 (9/9) 11 Fresno State 3 0 WAC
37%
Week 4 (9/23) 10 Fresno State 4 0 WAC
37%
Week 5 (9/30) 10 Fresno State 5 0 WAC
37%
Week 6 (10/7) 8 Fresno State 5 0 WAC
37%
Week 7 (10/14) 8 Fresno State 6 0 WAC
37%
Week 8 (10/21) 18 Fresno State 6 1 WAC
37%
Week 12 (11/18) 23 Fresno State 9 2 WAC
37%
Week 13 (11/25) 21 Fresno State 10 2 WAC
37%
Week 14 (12/2) 19 Fresno State 11 2 WAC
37%
Week 15 (12/9) 20 Fresno State 11 2 WAC
37%
Week 11 (11/11) 24 Marshall 8 1 MAC
30%
Week 12 (11/18) 20 Marshall 9 1 MAC
30%
Week 13 (11/25) 20 Marshall 10 1 MAC
30%
Week 4 (9/23) 25 Toledo 3 0 MAC
26%
Week 5 (9/30) 23 Toledo 4 0 MAC
26%
Week 7 (10/14) 25 Toledo 5 0 MAC
26%
Week 14 (12/2) 25 Toledo 9 2 MAC
26%
Week 15 (12/9) 25 Toledo 9 2 MAC
26%
Postseason 23 Toledo 10 2 MAC
26%
No matching quizzes found
Score Distribution
Percent of People with Each Score
Percentile by Number Answered
Your Score History
You have not taken this quiz